000 00491nam a2200181Ia 4500
008 090124s9999 xx 000 0 und d
082 _b46946
100 _aमांडके अलका
245 _a हृदयसंवाद
250 _a1
260 _c2006
300 _a212
600 _aमांडके अलका
630 _a हृदयसंवाद
700 _aमांडके अलका
730 _a हृदयसंवाद
942 _cBOOK
999 _c113174
_d113174